00633 2200217 4500001002100000005001500021035002000036007000300056008004100059020001800100082000800118084001400126100001800140245006900158260004300227300004800270700001500318600002600333856003600359250002000395INLIS00000000000027920260310092027 a0010-0220000024ta260310 e 0 ind  a979-96946-1-2 a959 a959 PAL p0 aAndhy Pallawa1 aPembauran di Makassar :bAgenda yang tertinggal /cAndhy Pallawa aMakassar ; :bGlobal Publishing,c2003 a217 halaman :b----- ;c14,5 x 21cmekertas0 aAsfat Aziz 4aPembauran di Makassar aPerpustakaan Umum Kota Makassar aCetakan Pertama